000 00667nam a2200229Ia 4500
005 20260429112001.0
008 260429s9999||||xx |||||||||||||| ||und||
020 _a9798886131291
041 _aEnglish
082 _a686.233
_bCHU
100 _aChua, Chee Kai
245 0 _aLasers in 3D printing and manufacturing /
_cChee Kai Chua
260 _aSingapore :
_bWorld Scientific Publishing,
_c2025.
300 _axxiii, 254 p.; pbk
440 _aWorld scientific series in 3D printing; v.2
650 _a 3D printing
650 _a Laser printing
650 _aPrinting
700 _a Kim, Young-Jin
700 _a Matham, Murukeshan Vadakke
942 _cTB
999 _c51742
_d51742